<?xml version="1.0" encoding="UTF-8"?>
<marc:record xmlns:marc="http://www.loc.gov/MARC21/slim">
   <marc:leader>00000nam a2200000 a 4500</marc:leader>
   <marc:datafield ind1="1" ind2=" " tag="100">
      <marc:subfield code="a">Mottley, Leila</marc:subfield>
      <marc:subfield code="4">aut</marc:subfield>
      <marc:subfield code="e">Verfasser/-in</marc:subfield>
   </marc:datafield>
   <marc:datafield ind1=" " ind2=" " tag="653">
      <marc:subfield code="a">Erzählende Literatur: Gegenwartsliteratur ab 1945</marc:subfield>
   </marc:datafield>
   <marc:datafield ind1="0" ind2="0" tag="245">
      <marc:subfield code="a">Nachtschwärmerin</marc:subfield>
   </marc:datafield>
   <marc:datafield ind1="0" ind2="0" tag="245">
      <marc:subfield code="b">Roman</marc:subfield>
   </marc:datafield>
   <marc:datafield ind1="0" ind2="0" tag="245">
      <marc:subfield code="c">Mottley, Leila</marc:subfield>
   </marc:datafield>
   <marc:datafield ind1=" " ind2="1" tag="264">
      <marc:subfield code="a">Hamburg</marc:subfield>
      <marc:subfield code="b">Ecco Verlag</marc:subfield>
      <marc:subfield code="c">2022</marc:subfield>
   </marc:datafield>
   <marc:datafield ind1=" " ind2=" " tag="250">
      <marc:subfield code="a">1. Auflage</marc:subfield>
   </marc:datafield>
   <marc:datafield ind1="1" ind2=" " tag="520">
      <marc:subfield code="a">Angaben aus der Verlagsmeldung &#xD;
&#xD;
 Nachtschwärmerin  : Roman  Nightcrawling  / von Leila Mottley&#xD;
&#xD;
&#xD;
            &#xD;
&#xD;
                Ein Roman über die schlimmsten Seiten einer Gesellschaft und den Kampf einer jungen Frau für alle, die sie liebt&#xD;
            &#xD;
            &#xD;
Die siebzehnjährige Kiara lebt mit ihrem älteren Bruder Marcus in einem heruntergekommenen Apartment in East Oakland, Kalifornien. Die beiden Geschwister haben die Highschool ohne Abschluss verlassen und sind ohne ihre Eltern auf sich allein gestellt. Kiara versucht verzweifelt, Arbeit zu finden, um die Miete zu bezahlen. Doch niemand gibt einer Minderjährigen einen Job. So landet sie schließlich in der Prostitution. Ihr einziger Lichtblick ist der zehnjährige Nachbarssohn Trevor, um den sie sich hingebungsvoll kümmert. Bis ihr Name im Rahmen eines Skandalprozesses gegen die Polizei genannt wird. Sagt Kiara dort aus, wird sie alle in Gefahr bringen, die sie liebt ...</marc:subfield>
   </marc:datafield>
   <marc:datafield ind1=" " ind2=" " tag="020">
      <marc:subfield code="a">9783753000589</marc:subfield>
      <marc:subfield code="9">9783753000589</marc:subfield>
   </marc:datafield>
   <marc:datafield ind1=" " ind2=" " tag="020">
      <marc:subfield code="a">3753000582</marc:subfield>
      <marc:subfield code="9">3753000582</marc:subfield>
   </marc:datafield>
   <marc:datafield ind1=" " ind2=" " tag="041">
      <marc:subfield code="a">ger</marc:subfield>
   </marc:datafield>
   <marc:datafield ind1=" " ind2=" " tag="338">
      <marc:subfield code="a">Band</marc:subfield>
   </marc:datafield>
   <marc:datafield ind1=" " ind2=" " tag="300">
      <marc:subfield code="a">416 Seiten</marc:subfield>
   </marc:datafield>
</marc:record>
